00294nam a2200121Ia 4500008004100000100001600041245001800057260004800075300000900123650001600132942000700148999001700155190216s9999||||xx |||||||||||||| ||und|| aRaghava Rao 0aMatrix Theory bOxford And Ibh Publishing Co. Pvt Ltdc1972 a125p aMathematics cBK c30652d30652